| 000 | 00766nam a2200253Ia 4500 | ||
|---|---|---|---|
| 003 | OSt | ||
| 005 | 20220928121827.0 | ||
| 006 | a|||||r|||| 00| 0 | ||
| 007 | ta | ||
| 008 | 220927b |||||||| |||| 00| 0 eng d | ||
| 020 | _cUKP 190.00 | ||
| 024 | _a144774 | ||
| 037 |
_b42, 12/03/2021, Shivam Book Service _cTextual |
||
| 040 |
_aSDCL _cSDCL _beng |
||
| 041 |
_2eng _aeng |
||
| 082 | _aQ:(V1,4), R0 | ||
| 100 |
_aHaynes Jeffrey Ed. _9418183 |
||
| 245 | 0 | _aRoutledge handbook to religion and political parties | |
| 260 |
_aLondon _bRoutledge _c2020 |
||
| 300 |
_axiii,406p. _ccm. |
||
| 650 | _aPolitical Science | ||
| 942 |
_hQ:(V1,4), R0 _cTEXL _2CC |
||
| 999 |
_c768137 _d768137 |
||